| 000 | 00571nam a22002177a 4500 | ||
|---|---|---|---|
| 003 | Nust | ||
| 005 | 20210806114340.0 | ||
| 008 | 170116b xxu||||| |||| 00| 0 eng d | ||
| 020 | _a0-07-711000-5 | ||
| 038 | _akhadija | ||
| 040 | _cc | ||
| 082 |
_a005.117 _b BEN |
||
| 100 |
_aBennett, Simon _981306 |
||
| 245 |
_aObject-Oriented System Analysis and Design using UML\ _cSimon Bennett, Steve Mcrobb |
||
| 250 | _a3rd | ||
| 260 |
_aLondon : _bMc Grawhill, _c2006. |
||
| 300 |
_a698 p. ; _c24 cm. |
||
| 500 | _aPaperback. | ||
| 563 | _aPAPER BACK | ||
| 942 |
_cBK _2ddc |
||
| 999 |
_c32049 _d32049 |
||